00579cam a22002171 4500001001300000003000400013005001700017008004100034010001700075035002000092040002400112042001200136050001900148100002800167245003400195260001100229300004200240500001600282600004600298999001700344sa 65004948 DLC20260227112134.0890925s1964 xx 000 0 ben  asa 65004948  a(OCoLC)23542687 aDLCcMiUdICRLdDLC apremarc00aBP80.A214bA351 aAhmed, Nuruddin,d1943-10aHayarata baṛ pira sāheba. c[1964] a2, 3, 211 p.billus., facsim.c22 cm. aIn Bengall.00aʻAbd al-Qādir al-Jīlānī,d-1166. c64043d64043